000 00703nam a2200289Ia 4500
005 20260324125224.0
008 008 260324s9999 xx 000 0 eng d
020 _a9780203874967
037 _aEBOOK
040 _aCRL
040 _beng
040 _cCRL
041 _2eng
041 _aeng
084 _qCRL
100 _aRita Cheminais
_91161570
245 4 _aThe Pocket Guide to Every Child Matters
245 3 _bAn At-a-Glance Overview for the Busy Teacher
260 _bTaylor and Francis
260 _c2009
365 _a
365 _b205
856 _uhttp://www.taylorfrancis.com/books/9780203874967
942 _cEBOOK
999 _c1772217
_d1772217